LEADER 01334nam a2200277 a 4500 001 000000040578 003 CaOOAMICUS 005 20130719150915.0 008 980528s1921 it u000 u ita r 035 $a10796751 040 $aPUL(R)$bita 100 1 $aMortara, Lodovico,$d1855-1937.$0(OLS)http://pul/name/29802 245 10$aManuale della procedura civile /$cLodovico Mortara. 250 $a9. ed. interamente riveduta con riguardo alle nedificazioni legislative a tutto il 1920. 260 $aTorino :$bUnione tipografico-editrice torinese,$c1921. 300 $a2 v. ;$c24 cm 504 $aBibliografia in nota. 650 4$aProcedura civile$zItalia.$0(OLS)http://pul/subject/14566 850 $aPUL 852 $aPUL$W1$xDP2 Diritto e Scienze Sociali 1$y65$m177 B 29$j55125$nBK-PRI$av. 2$qStampati$B55126$CPULBib$Z2$F55126 $H322 $82 852 $aPUL$W1$xDP2 Diritto e Scienze Sociali 1$y65$m177 B 28$j155503$nBK-PRI$av. 1$qStampati$B55125$CPULBib$Z2$F55125 $H321 $82 941 1 $a8 961 $aEx libris: Francisci Card. Roberti. 961 $aEx libris: Francisci Card. Roberti. 996 $6245$aManuale della procedura civile$9(OLS)http://pul/title/54744 996 $6260$aTorino :$bUnione tipografico-editrice torinese$9(OLS)http://pul/publisher/48298 LEADER 01134nam a2200301 a 4500 001 000000169996 003 CaOOAMICUS 005 20181017101236.0 008 181017s1973 it u000 u ita r 032 $aLibriCat 040 $aPUL$bita 082 04$a232.91 100 1 $aGalot, Jean,$cS.I.,$d1919-2008.$0(OLS)http://pul/name/803 245 13$aLa fede di Maria e la nostra /$cJean Galot. 260 $aAssisi :$bCittadella,$c1973. 300 $a134 p. ;$c19 cm. 490 1 $aProblemi d'oggi ;$v11 650 4$aMariologia.$0(OLS)http://pul/subject/28018 830 0$aProblemi d'oggi (Cittadella) ;$v11.$0(OLS)http://pul/title/187852 850 $aPUL 852 $aPUL$W1$xDP2 Religione 3$y114$m232. 91 GALJE 1$j192911$qDDC 21$B198181$CPULBib$Z2$F198181 $H131433 $81 941 1 $a9 960 $aMaria Virgo,$cs.$928018 960 $aMaria Virgo,$cs.$928018 996 $6082$a232.91$9(OLS)http://pul/classification/543 996 $6245$aLa fede di Maria e la nostra$9(OLS)http://pul/title/210676 996 $6260$aAssisi :$bCittadella$9(OLS)http://pul/publisher/49668